Drugs and violence, a threat to democracy : remarks /

Bibliographic Details
Main Author: Barco, Virgilio
Format: Book
Language:English
Published: [Bogotá, Colombia] : Office of the President, Republic of Colombia, [1989]
Subjects:

MARC

Tag First Indicator Second Indicator Subfields
LEADER 00000cam a2200000 a 4500
001 in00000932003
005 20150925094911.0
008 890912s1989 ck 00010 eng d
035 |a (OCoLC)20328721 
035 |9 AER5563AM 
040 |a LUU  |c LUU  |d UtOrBLW 
043 |a n-us---  |a s-ck--- 
049 |a TXAM 
050 4 |a HV5801  |b .B327 1989 
100 1 |a Barco, Virgilio. 
245 1 0 |a Drugs and violence, a threat to democracy :  |b remarks /  |c by President Virgilio Barco to the American Society of Newspaper Editors, Washington, April 14, 1989. 
264 1 |a [Bogotá, Colombia] :  |b Office of the President, Republic of Colombia,  |c [1989] 
300 |a 15 unnumbered pages ;  |c 24 cm. 
336 |a text  |b txt  |2 rdacontent 
337 |a unmediated  |b n  |2 rdamedia 
338 |a volume  |b nc  |2 rdacarrier 
500 |a Cover title. 
650 0 |a Drug control  |z United States. 
650 0 |a Drug control  |z Colombia. 
650 0 |a Drug control  |x International cooperation. 
999 |a MARS 
999 f f |s b17aa6a5-813a-35bc-9db7-fb9087c6175e  |i 267a0bd6-7a08-38a2-8029-e0acec8e8fa4  |t 0 
952 f f |p ric  |a Texas A&M University  |b Rellis Campus  |c Joint Library Facility  |d Remote Storage  |t 0  |e HV5801 .B327 1989  |h Library of Congress classification  |i unmediated -- volume  |m A14813762545 
998 f f |a HV5801 .B327 1989  |t 0  |l Remote Storage